00590nam a22001937a 450000500170000000800410001701000100005801100100006803500100007809000100008824501370009826000410023530000070027650200100028359000370029359000420033090100070037299900170037920220127140436.0020911d2002 mx r 00110 spa d a86301 a87273 a97816 aTesis00aDistribución, comportamiento, tecnologías y rentabilidad del cultivo del sorgo en el Estado de Veracruzc/por Lázaro Arcos Roa aChapingo, Méx. :bEl autor,c2001. a74 aTesis aALEPHb10c20130110lUCH01h1449 aCONVERSIONb10c20130109lUCH01h1348 aBK c86301d86301